| 000 | 00742nam a2200205 a 4500 | ||
|---|---|---|---|
| 005 | 20220610140212.0 | ||
| 008 | 991125s1984 mx 000 0 spa u | ||
| 020 | _a9688370304 | ||
| 035 | _aUPN01000002054 | ||
| 049 | _aCE | ||
| 050 | 4 |
_aZ674 _bM3.9 |
|
| 100 | 1 |
_aMagaloni de Bustamante, Ana María, _d1941- |
|
| 245 | 1 | 4 |
_aUna alternativa para evaluar y diseñar servicios especializados de información documental / _cAna María Magaloni de Bustamante. |
| 260 |
_aMéxico : _bUNAM, Centro Universitario de Investigaciones Bibliotecológicas, _c1984. |
||
| 300 | _axi, 153 p. | ||
| 440 | 0 |
_aMonografías ; _v1 |
|
| 650 | 0 |
_aBibliometría _92935 |
|
| 650 | 4 |
_aSISTEMAS DE ALMACENAMIENTO Y RECUPERACION DE INFORMACION _96288 |
|
| 905 | _aLibro | ||
| 999 |
_c2054 _d2054 |
||